Vista normal Vista MARC

Entrada Materia (personas)

Número de registros utilizados en: 2

001 - CONTROL NUMBER

  • control field: 55406

003 - CONTROL NUMBER IDENTIFIER

  • control field: Co-BoUCM

005 - DATE AND TIME OF LATEST TRANSACTION

  • control field: 20140211112133.0

008 - FIXED-LENGTH DATA ELEMENTS

  • fixed length control field: 140211|| aca||aabn | a|a d

040 ## - CATALOGING SOURCE

  • Original cataloging agency: Co-BoUCM
  • Transcribing agency: Co-BoUCM

100 ## - HEADING--PERSONAL NAME

  • Personal name: Bettetini, Gianfranco

670 ## - SOURCE DATA FOUND

  • Source citation: Work cat.: (Co-BoUCM)183624: Bettetini, Gianfranco, Lo que queda de los medios :, 2001